000 00788cab a2200253 4500
001 ABS50506
008 090401t1994 xxu||||| |||| 00| 0 eng d
035 _a(Sirsi) u76233
041 _aeng
100 _aRoberts, J.
245 _aGreen belts: battling against the odds
260 _c1994
350 _a0
490 _aEstates Gazette
_v(9416) 23 April 1994, 135-139(5)
520 _aAssesses what can be learnt from past use of green belt, listing successful developments and commenting on proposals in the draft PPG on green belt policy.
650 _aDRAFT PPG
650 _aGREEN BELT
650 _aPLANNING POLICY
690 _aPROPERTY-PROPERTY DEVELOPMENT
690 _aPLANNING LAW AND PRACTICE
700 _aMillichap, D.
942 _n0
948 _c04/03/1997
999 _c47971
_d47971